Japan the fragile power
Gorde:
| Egile nagusia: | |
|---|---|
| Formatua: | Liburua |
| Hizkuntza: | Undetermined |
| Argitaratua: |
New York
New American Library
1979
|
| Gaiak: | |
| Etiketak: |
Etiketa erantsi
Etiketarik gabe, Izan zaitez lehena erregistro honi etiketa jartzen!
|
| Thư viện lưu trữ: | Trung tâm Học liệu Trường Đại học Cần Thơ |
|---|
| LEADER | 00508nam a2200193Ia 4500 | ||
|---|---|---|---|
| 001 | CTU_86320 | ||
| 008 | 210402s9999 xx 000 0 und d | ||
| 082 | |a 952.04 | ||
| 082 | |b G447 | ||
| 100 | |a Gibney, Frank | ||
| 245 | 0 | |a Japan the fragile power | |
| 245 | 0 | |c Frank Gibney | |
| 260 | |a New York | ||
| 260 | |b New American Library | ||
| 260 | |c 1979 | ||
| 650 | |a Japan,National characteristics | ||
| 650 | |x Civilization | ||
| 904 | |i Năm | ||
| 980 | |a Trung tâm Học liệu Trường Đại học Cần Thơ | ||